000
00499nam a22000977a 4500
100
_a
सिंह,डॉ. आदित्य प्रसाद
_9
81161
245
_a
झारखण्ड की जनजातीय लोक संस्कृति पर्व त्योहार एवं देवी देवता
260
_a
दिल्ली
_b
विकल्प प्रकाशन
_c
2016
650
_a
लोक साहित्य
_9
49621
942
_c
HIN
999
_c
64418
_d
64418